000 00682nam a2200193Ia 4500
003 GCL
008 140319s9999 xx 000 0 ara d
040 _aGCL /
_cGCL
082 0 4 _aم
_b250
_bش ك
100 1 _aشمس الدين القدسى، ابوعبدالله
245 1 0 _aكتابة الفروع ويليه تصحيح الفروع /
_cشمس الدين القدسى، ابوعبدالله
700 1 _aعلى عبدالله ال ثان
260 _a[S.N] :
_bدار مصر للطباعة ،
_c1960
650 0 4 _aالاسلام
650 0 4 _aالعقائد
650 0 4 _aالشريعة الاسلامية
650 0 4 _aالفقه الاسلامى
942 _2ddc
_cREF
999 _c59363
_d59363